000 00519nam a2200217Ia 4500
003 OSt
005 20221005120239.0
006 a|||||r|||| 00| 0
007 ta
008 221004b |||||||| |||| 00| 0 eng d
024 _a31652
037 _cTextual
040 _aCRL
_cCRL
_beng
041 _2eng
_aeng
082 _a71k, K9.1-.4
245 0 _aDICTIONARY OF international biography.
260 _c1969
650 _aBIOGRAPHY
942 _h71k, K9.1-.4
_cTEXL
_2cc
999 _c1037381
_d1037381